Closest Genetic Populations to the Danish - Statistics

General Stats
  • This quiz has been taken 34 times
  • The average score is 9 of 12
Answer Stats
Genetic Distance Ethnicity % Correct
1.841 German
100%
1.419 Swedish
100%
0.781 Norwegian
94%
1.472 Dutch
88%
1.579 English
88%
2.889 Belgian
84%
1.158 Irish
78%
1.278 Scottish
69%
2.848 Austrian
66%
1.380 Welsh
56%
1.541 Breton
34%
0.770 Icelander
34%
No matching quizzes found
Score Distribution
Percent of People with Each Score
Percentile by Number Answered
Your Score History
You have not taken this quiz